000 00591nam a2200253Ia 4500
005 20260121160737.0
008 008 260114s9999 xx 000 0 eng d
020 _a9780429478598
037 _aEBOOK
040 _aCRL
040 _beng
040 _cCRL
041 _2eng
041 _aeng
084 _qCRL
100 _a Raman Kapur
_91035753
245 0 _aPsychiatric Rehabilitation
260 _bTaylor and Francis
260 _c2016
856 _uhttp://www.taylorfrancis.com/books/9780429478598
942 _cEBOOK
999 _c1602569
_d1602569